书目信息 |
| 题名: |
光子晶体光纤的特性与应用
|
|
| 作者: | 波利 , 库奇诺塔 , 塞莱里 著 ;张宝富 , 项鹏 , 刘颖 译 | |
| 分册: | ||
| 出版信息: | 北京 国防工业出版社 2017.4 |
|
| 页数: | 12,175页 | |
| 开本: | 24cm | |
| 丛书名: | 现代光学工程精品译丛 | |
| 单 册: | ||
| 中图分类: | TQ342 | |
| 科图分类: | ||
| 主题词: | 光学晶体--光导纤维--研究 | |
| 电子资源: | ||
| ISBN: | 978-7-118-11220-7 | |
| 000 | 01829oam2 2200349 450 | |
| 001 | 0400003165 | |
| 005 | 20171021202740.0 | |
| 010 | @a978-7-118-11220-7@dCNY59.00 | |
| 100 | @a20170802d2017 em y0chiy50 ea | |
| 101 | 1 | @achi@cita |
| 102 | @aCN@b110000 | |
| 105 | @aa z 000yy | |
| 106 | @ar | |
| 200 | 1 | @a光子晶体光纤的特性与应用@9guang zi jing ti guang xian de te xing yu ying yong@dPhotonic crystal fibers: properties and applications@f(意)Federica Poli,(意)Annamaria Cucinotta,(意)Stefano Selleri著@g张宝富,项鹏,刘颖译@zeng |
| 210 | @a北京@c国防工业出版社@d2017.4 | |
| 215 | @a12,175页@c图@d24cm | |
| 225 | 1 | @a现代光学工程精品译丛 |
| 300 | @a国家自然科学基金资助 | |
| 305 | @a简体中文版由Springer Science+Business Media授权国防工业出版社 | |
| 330 | @a本书试图通过光子晶体光纤的特性对其进行专业的导读,重点是在通信方面。作者相信,光子晶体光纤能够给导波光学及其应用带来革命,尤其是考虑到光子晶体光纤在信号处理和特殊功能方面的应用,而不是应用于长距离传输。全书采用有限元方法这一有力工具,深刻地分析了光子晶体光纤的物理与几何特性,并说明这些特性是如何导致了这种新型光纤的特殊表现,同时关注了光子晶体光纤制造技术的极限和可能性。因此,本书将对有志于探索通信领域中光子晶体光纤这一充满活力并不断发展专题的研究者以及寻求当前的和新兴应用的研究者提供帮助。 | |
| 461 | 0 | @12001 @a现代光学工程精品译丛 |
| 510 | 1 | @aPhotonic crystal fibers: properties and applications@zeng |
| 606 | 0 | @a光学晶体@x光导纤维@x研究 |
| 690 | @aTQ342@v5 | |
| 701 | 0 | @c(意)@a波利@9bo li@c(Poli, Federica)@4著 |
| 701 | 0 | @c(意)@a库奇诺塔@9ku qi nuo ta@c(Cucinotta, Annamaria)@4著 |
| 701 | 0 | @c(意)@a塞莱里@9sai lai li@c(Selleri, Stefano)@4著 |
| 702 | 0 | @a张宝富@9zhang bao fu@4译 |
| 702 | 0 | @a项鹏@9xiang peng@4译 |
| 702 | 0 | @a刘颖@9liu ying@4译 |
| 801 | 0 | @aCN@b91MARC@c20171021 |
| 905 | @b1035666-70@dTQ342@f5@e23 | |
| 光子晶体光纤的特性与应用=Photonic crystal fibers: properties and applications/(意)Federica Poli,(意)Annamaria Cucinotta,(意)Stefano Selleri著/张宝富,项鹏,刘颖译.-北京:国防工业出版社,2017.4 |
| 12,175页:图;24cm.-(现代光学工程精品译丛) |
| 国家自然科学基金资助 |
| ISBN 978-7-118-11220-7:CNY59.00 |
| 本书试图通过光子晶体光纤的特性对其进行专业的导读,重点是在通信方面。作者相信,光子晶体光纤能够给导波光学及其应用带来革命,尤其是考虑到光子晶体光纤在信号处理和特殊功能方面的应用,而不是应用于长距离传输。全书采用有限元方法这一有力工具,深刻地分析了光子晶体光纤的物理与几何特性,并说明这些特性是如何导致了这种新型光纤的特殊表现,同时关注了光子晶体光纤制造技术的极限和可能性。因此,本书将对有志于探索通信领域中光子晶体光纤这一充满活力并不断发展专题的研究者以及寻求当前的和新兴应用的研究者提供帮助。 |
| ● |
| 相关链接 |
|
|
|
|
正题名:光子晶体光纤的特性与应用
索取号:TQ342/23
 
预约/预借
| 序号 | 登录号 | 条形码 | 馆藏地/架位号 | 状态 | 备注 |
| 1 | 1035666 | 210356666 | 第二样本阅览室/ [索取号:TQ342/23] | 在馆 | |
| 2 | 1035667 | 210356675 | 密集书库-化学系/ [索取号:TQ342/23] | 在馆 | |
| 3 | 1035668 | 210356684 | 第三借阅区/ [索取号:TQ342/23] | 在馆 | |
| 4 | 1035669 | 210356693 | 第三借阅区/ [索取号:TQ342/23] | 在馆 | |
| 5 | 1035670 | 210356700 | 第三借阅区/ [索取号:TQ342/23] | 在馆 |